Länder mit Recht auf gleichgeschlechtliche Eheschließung - Statistiken

Allgemein
  • Dieses Quiz wurde 156 mal gespielt
  • Das Durchschnittsergebnis liegt bei 26 aus 29
Antwortstatistiken
Staat Kontinent Jahr % Korrekt
Kanada Nordamerika 2005
99%
Schweden Europa 2009
99%
Spanien Europa 2005
99%
USA Nordamerika 2015
99%
Deutschland Europa 2017
98%
Finnland Europa 2017
98%
Niederlande Europa 2001
98%
Belgien Europa 2003
96%
Brasilien Südamerika 2013
96%
Frankreich Europa 2013
96%
Neuseeland Ozeanien 2013
96%
Norwegen Europa 2009
96%
Australien Ozeanien 2018
95%
Mexiko Nordamerika 2015
94%
Argentinien Südamerika 2010
93%
Dänemark Europa 2012
93%
Österreich Europa 2019
93%
Irland Europa 2015
91%
Vereinigtes Königreich Europa 2014
91%
Luxemburg Europa 2015
90%
Portugal Europa 2010
90%
Island Europa 2010
89%
Südafrika Afrika 2006
86%
Kolumbien Südamerika 2016
83%
Uruguay Südamerika 2013
82%
Ecuador Südamerika 2019
74%
Malta Europa 2017
66%
Costa Rica Nordamerika 2020
63%
Taiwan Asien 2019
58%
Keine übereinstimmenden Quizze gefunden
Verteilung der Resultate
Anzahl Personen mit jedem Resultat
Perzentil nach korrekt beantworteten Fragen
Ihre Resultats-Entwicklung
Sie haben dieses Quiz noch nicht gespielt